000 00302nam a22001337a 4500
008 170615b xxu||||| |||| 00| 0 eng d
020 _a9780192836724
041 _aeng
080 _a338
100 _a20
101 _aSHP
245 _aPRINCIPLES OF POLITICAL ECONOMY
_cMILL.J.S
942 _2udc
_cBK
999 _c17639
_d17639